Statistics for Biggest City by River

Click here to take the quiz!

General Stats

  • This quiz has been taken 78 times
    (50 since last reset)
  • The average score is 8 of 15

Answer Stats

RiverCity% Correct
NileCairo
88%
SeineParis
88%
DanubeVienna
81%
DnieperKiev
77%
TigrisBaghdad
70%
YangtzeShanghai
70%
River LiffeyDublin
63%
Amazon RiverManaus
60%
Mississippi RiverMemphis
44%
Missouri RiverKansas City
42%
Niger RiverBamako
37%
River SevernBristol
26%
Volga RiverNizhny Novgorod
19%
GangesKanpur
5%
Colorado RiverSan Luis Rio Colorado
2%

Score Distribution

Percentile by Number Answered

Percent of People with Each Score

Your Score History

You have not taken this quiz since the last reset